00969nam a2200241Ia 4500001000600000003000900006008004100015040001300056040001300069041001200082100002200094100002900116245008200145245003100227250001100258260001400269260001700283260004900300300005900349500024500408650004300653650003100696F0109IT-RoPAU130308s9999 xx 000 0 und d aIT-RoPAU cIT-RoPAU aINGLESE aMelody William H. gCodice Aut. SPICS: 24428 aElectronic Networks, Social Relations and the Changing Structure of Knowledge bCommunication Theory today a1a ed. aCAMBRIDGE bPolity Press c1994 [1° Ed.:1994 - Ed.Ling.Originale:1994] a"20 p. (prefazione: no ; testo: 20 [pagine: 254-273])" aEmittenti Elettronici, relazioni Sociali e Struttura del Sapere in Evoluzione. Confronto Fra Innis, McLuhan e Smythe. caratteristiche dell'Informazione. Economia dell'Informazione. Società dell'informazione e Sovraccarico di Informazione. aSOCIOLOGIA DELLA COMUNICAZIONE SOCIALE eCodice materia Spics: 3806